Basic concepts in economics / (Record no. 15606)

MARC details
000 -LEADER
fixed length control field 00821nam a22002297a 4500
005 - DATE AND TIME OF LATEST TRANSACTION
control field 20080923102150.0
008 - FIXED-LENGTH DATA ELEMENTS--GENERAL INFORMATION
fixed length control field 080923t xxu||||| |||| 00| 0 eng d
010 ## - LCCN (DPL NO)
LC control number ENG-91043
020 ## - INTERNATIONAL STANDARD BOOK NUMBER
Terms of availability 60.00
035 ## - SYSTEM CONTROL NUMBER
System control number EN-74576
037 ## - SOURCE OF ACQUISITION
Source of stock number/acquisition DBAD / PUB
040 ## - CATALOGING SOURCE
Original cataloging agency dpl
Language of cataloging English
082 ## - DEWEY DECIMAL CLASSIFICATION NUMBER
Classification number 330.01
100 ## - MAIN ENTRY--PERSONAL NAME
Personal name Senthil Kumar, A.
245 ## - TITLE STATEMENT
Title Basic concepts in economics /
Statement of responsibility, etc by A. Senthil Kumar
260 ## - PUBLICATION, DISTRIBUTION, ETC. (IMPRINT)
Place of publication, distribution, etc Erode
Name of publisher, distributor, etc Genius Publications
Date of publication, distribution, etc 2007
270 ## - ADDRESS
City Erode
Address P/235, Indumathi Complex, Bhavani Main Road, Moolapattaral,
Postal code 3
300 ## - PHYSICAL DESCRIPTION
Extent 106p.
Dimensions 22cm (pbk)
650 ## - SUBJECT ADDED ENTRY--TOPICAL TERM
Topical term or geographic name as entry element Economics.
942 ## - ADDED ENTRY ELEMENTS (KOHA)
Source of classification or shelving scheme Dewey Decimal Classification
Item type English Books
Call number suffix SEN
Classification part 330.01
Holdings
Withdrawn status Lost status Source of classification or shelving scheme Damaged status Not for loan Collection code Home library Current library Date acquired Source of acquisition Cost, normal purchase price Total Checkouts Full call number Barcode Date last seen Copy number Cost, replacement price Koha item type
    Dewey Decimal Classification   Not For Loan Non-fiction D.B.Act.Division D.B.Act.Division 23/09/2008 DBAD / PUB 60.00   330.01 SEN EN-74576 23/09/2008 1 60.00 English Books

© Delhi Public Library
Hit Counter
free hit counter